LEADER 00634naa a2200157 i 4500 001 000000293819 003 CaOOAMICUS 005 20180831172454.0 008 180831n xx u000 u und u 013 $a1103 040 $aSeMil$bita 100 1 $aRavasi, Gianfranco,$c.$0(OLS)http://semarc/name/244 245 11$a«Cantate a Dio con arte» :$bil teologico e il musicale nella Bibbia. 650 4$aBibbia e musica.$0(OLS)http://semarc/subject/9019 773 0 $tMusica e la Bibbia.$dRoma : Garamond, 1992.$w()42379 996 $6245$a«Cantate a Dio con arte» :$bil teologico e il musicale nella Bibbia$9(OLS)http://semarc/title/369909 LEADER 01110nam a2200241 i 4500 001 000000191962 003 CaOOAMICUS 005 20100920000000.0 008 100920s1977 it u000 u ita u 013 $a170535 040 $aSeMil$bita 100 1 $aUnia, Carlo.$0(OLS)http://semarc/name/70035 245 10$aLager 64/Z di Schokken :$bun altro volto della Resistenza /$cCarlo Unia. 260 $aRoma :$bEdizioni dell'Ateneo & Bizzarri,$c1977. 300 $a298 p., [1] p. di tav. ripieg. :$bill. ;$c29 cm. 500 $aIn testa al front.: Stato maggiore aeronautica, Ufficio storico. 650 4$aCampi di concentramento.$0(OLS)http://semarc/subject/5438 650 4$aResistenza - Italia.$0(OLS)http://semarc/subject/16845 850 $aSeMil 852 $aSeMil$W1$xVenegono$y1$m3U VI 245$j142538$B142538$CSeMilBibl$Z2$F155137 $81 961 $aOmaggio: Grampa dott. Cesare 996 $6245$aLager 64/Z di Schokken :$bun altro volto della Resistenza$9(OLS)http://semarc/title/276528 996 $6260$aRoma :$bEdizioni dell'Ateneo & Bizzarri$9(OLS)http://semarc/publisher/31396